Mechanical components handbook

Guardat en:
Dades bibliogràfiques
Autor principal: Parmley, Robert O. (Autor)
Format: Llibre
Idioma:anglès
Publicat: Nueva York McGraw-Hill 1985
Matèries:
Etiquetes: Afegir etiqueta
Sense etiquetes, Sigues el primer a etiquetar aquest registre!

MARC

LEADER 00000nam a2200000 a 4500
001 UCW1889
003 CL-VaPUC
008 880909e19850000US |||||||||||||||||eng|d
082 0 4 |a 621.8  |b PAR  |2 21 
100 |a Parmley, Robert O.  |e author  |9 305890 
245 1 0 |a Mechanical components handbook 
300 |a 600 p 
942 |c BK 
945 |d 19880909 00:00:00 
260 |a Nueva York  |b McGraw-Hill  |c 1985 
650 0 |a Diseño de máquinas   |9 271533 
650 7 |a MONTAJE DE MAQUINAS  |2 CL-VaPUC  |9 271534 
650 0 |a Maquinaria  |9 260482 
583 |a last modification  |c 19880909 00:00:00  |k Rodrigo Vera 
999 |c 216625  |d 216623 
952 |0 0  |1 0  |2 ddc  |4 0  |6 621_800000000000000_PAR_1985  |7 0  |8 A  |9 202512  |a BIBMEC  |b BIBMEC  |d 2019-11-14  |i 2697378  |o 621.8 PAR 1985  |p 2697378  |r 2024-01-19  |w 2019-11-14  |y BK_P  |k MEC